Essais

Gespeichert in:
Bibliographische Detailangaben
1. Verfasser: Camus, Albert (VerfasserIn)
Format: Buch
Sprache:Französisch
Veröffentlicht: París Gallimard 1965
Schriftenreihe:Bibliotheque de la Pleiade
Schlagworte:
Tags: Tag hinzufügen
Keine Tags, Fügen Sie den ersten Tag hinzu!

MARC

LEADER 00000nam a2200000 a 4500
001 UCY6772
003 CL-VaPUC
008 950602e19650000FR |||||||||||||||||fre|d
082 0 4 |a 844  |b CAM  |2 21 
100 0 |a Camus, Albert  |e author  |9 315220 
245 1 0 |a Essais 
300 |a 1975 p 
942 |c BK 
945 |d 19950602 00:00:00  |a rbrito 
260 |a París  |b Gallimard  |c 1965 
650 0 |a Ensayos franceses  |9 265511 
583 |a last modification  |c 19950602 00:00:00  |k Rodrigo Vera 
490 0 |a Bibliotheque de la Pleiade 
999 |c 234286  |d 234284 
952 |0 0  |1 0  |2 ddc  |4 0  |6 844_000000000000000_CAM_1965  |7 0  |8 A  |9 240391  |a BIBART  |b BIBART  |d 2019-11-18  |i 2003120  |o 844 CAM 1965  |p 2003120  |r 2025-03-13  |w 2019-11-18  |y BK  |k ART